| 000 | 00728nam a2200265Ia 4500 | ||
|---|---|---|---|
| 003 | OSt | ||
| 005 | 20220925200615.0 | ||
| 006 | a|||||r|||| 00| 0 | ||
| 007 | ta | ||
| 008 | 220923b |||||||| |||| 00| 0 eng d | ||
| 037 | _cGeneral Book | ||
| 040 |
_aRTL _cRTL _beng |
||
| 041 |
_2eng _aeng |
||
| 082 | _aX:8, M8;P0 | ||
| 100 | _aChhabra T N | ||
| 245 | 0 |
_aManagement _b Concepts and cases |
|
| 250 | _aEd 3 | ||
| 260 |
_aDelhi _bDhanpat Rai _c2000 |
||
| 300 |
_aviii, 493p Bibliography: P 486-89 _ccm. |
||
| 500 | _aAppendix: P 490-94 | ||
| 650 |
_aManagement _930681 |
||
| 700 |
_a Singh B P _9133058 |
||
| 942 |
_hX:8, M8;P0 _cGB _2CC |
||
| 999 |
_c537173 _d537173 |
||